1087 1903 1358 1135 1300 1765 1857 1823 1359 1147 1143 1457 1430 1828 1874 1795 1919 1653 1320 1259 1471 1981 1650 1825 1268 1335 1223 1846 1322 1964 1243 1158 1455 1437 1599 1397 1721 1398 1180 1381 1194 1861 1509 1071 1380 1028 1794 1785 1998 1024 1919 1667 1799 1011 1287 1428 1109 1900 1996 1449 1006 2000 1663 1048 1005 1257 1494 1564 1988 1272 1969 1756 1989 1695 1627 1359 1621 1434 1142 1945 1555 1072 1125 1342 1212 1388 1313 1258 1800 1285 1096 1060 1003 1001 1977 1293 1148 1581 1003 BCNSPRNW ULIB Ver.6.0+V

เปลี่ยนเป็นภาษาไทย

Change to English
 แสดงรายละเอียดบรรณานุกรม
  กลับหน้าหลัก

Brief Record : Get Marc (ISO 2709) : E-mail record : QR code < ปิดหน้าต่าง
LEADER : 00000nam 2200000uu 4500
001    13399125661
003     ULIB
008    170713s2559||||th 000 0 tha d
020    ^a9786165278652
060  0 ^aWB541^bว153ห
100 0  ^aวชิรา ซอห์น
245 00 ^aหุ่นสวย ฟิต เป๊ะด้วยเวทเทรนนิ่ง /^cวชิรา ซอห์น
260    ^aกรุงเทพฯ :^bเอ็มไอเอส จำกัด,^cม.ป.ป.
300    ^a107 หน้า :^bภาพประกอบ(สี) ;^c19 ซม.
650  0 ^aการออกกำลังกาย^xเวทเทรนนิ่ง
945    ^p150^l0^i002650
999    ^aประนอม เกษจรัล
รายการนี้ยังไม่มีแท็ก
คุณยังไม่ได้ล็อกอิน คุณสามารถมีกิจกรรมร่วมกับเว็บไซต์ได้ แต่ต้องล็อกอินก่อน ::
  ล็อกอิน

รายการสื่อสารสนเทศ

ลำดับที่ ประเภท เลขเรียก/บาร์โค้ด สถานที่ สถานะ
1. วิทยาศาสตร์การแพทย์ และสุขภาพ
วิทยาศาสตร์การแพทย์ และสุขภาพ
WB541 ว153ห ฉ.1 
  Barcode: 002650
ห้องสมุดวิทยาเขตสวรรค์ประชารักษ์
►หนังสือทั่วไป
บนชั้น

รายการใกล้เคียง
    ผู้แต่ง [วชิรา ซอห์น]

BibComment


ยังไม่เคยถูกคอมเมนท์

คอมเมนท์ทรัพยากรรายการนี้
  คอมเมนท์: หุ่นสวย ฟิต เป๊ะ..


 Copyright 2026. Bcnsprnw @Library